Exposición Internacional Barcelona : pabellones de beneficiencia pabellones de beneficiencia
Descripción Física:
desplegable : il. ; 22 cm
MARC
| LEADER | 00000nam a2200000Ia 4500 | ||
|---|---|---|---|
| 001 | 16446 | ||
| 008 | 160829s1929?) xx 000 0 cat d | ||
| 080 | |a 3927, exp. 628 | ||
| 111 | 2 | |a Exposició Internacional de Barcelona |d (1929-1930 : |c Barcelona, Catalunya) |9 55060 | |
| 245 | |a Exposición Internacional Barcelona : |b pabellones de beneficiencia | ||
| 260 | |a Barcelona : |b (H. de J. Thomas, S.A., |c 1929?) | ||
| 300 | |a desplegable : |b il. ; |c 22 cm | ||
| 611 | 2 | 0 | |a Exposició Internacional de Barcelona |d (1929-1930 : |c Barcelona, Catalunya) |9 55060 |
| 901 | |a Arxiu | ||
| 942 | |n 1 | ||
| 952 | |0 0 |1 0 |4 0 |6 3927_EXP_628 |7 1 |9 54361 |a Arxiu |b Arxiu |d 2016-12-01 |l 0 |o 3927, exp. 628 |p 16446 |r 2016-12-01 00:00:00 |w 2016-12-01 |y ARXIU | ||
| 999 | |c 58230 |d 58230 | ||